| Поле | Инд. | ПП | Название | Значение |
|---|---|---|---|---|
| Тип записи | a | |||
| Библиографический уровень | b | |||
| 001 | Контрольный номер | UNIDUBNA50bd69599b6f4ce09a0c9e43df6700d0 | ||
| 005 | Дата корректировки | 20250331135558.9 | ||
| 008 | Кодируемые данные | 20170331 | ||
| 040 | b | Код языка каталог. | rus | |
| e | Правила каталог. | PSBO | ||
| 041 | 0_ | a | Код языка текста | rus |
| 084 | a | Индекс другой классификации/Индекс ББК | 60.993-356; 88.93; 88.945 | |
| 100 | 1_ | a | Автор | Малышева С. Н. |
| q | Полное имя | Малышева Светлана Николаевна | ||
| 245 | 10 | a | Заглавие | Социализация и адаптация детей с ограниченными возможностями здоровья средствами ручного труда и искусства |
| 504 | a | Библиография | Лит. в конце статьи. | |
| 520 | 0_ | a | Аннотация | Раскрываются возможности для социализации и адаптации детей-инвалидов с привлечением к занятиям ручным трудом и искусством. Изложены основанные на практике подходы к проведению коррекционных занятий с детьми с ограниченными возможностями здоровья. |
| 650 | 14 | a | Основная рубрика | практическая психология (прикладная психология) |
| a | Основная рубрика | психокоррекция | ||
| a | Основная рубрика | психология | ||
| a | Основная рубрика | психотерапия | ||
| a | Основная рубрика | социальная работа | ||
| 653 | 0_ | a | Ключевые слова | арт-терапия |
| a | Ключевые слова | дети-инвалиды | ||
| a | Ключевые слова | люди с ограниченными возможностями | ||
| a | Ключевые слова | мотивация | ||
| a | Ключевые слова | ограниченные возможности здоровья | ||
| a | Ключевые слова | психокоррекционные техники | ||
| a | Ключевые слова | психосоциальная реабилитация | ||
| a | Ключевые слова | психотерапевтические методы | ||
| a | Ключевые слова | ручной труд | ||
| a | Ключевые слова | социализация | ||
| a | Ключевые слова | социальная адаптация | ||
| a | Ключевые слова | социальная среда | ||
| a | Ключевые слова | социально-психологические технологии | ||
| a | Ключевые слова | художественное развитие | ||
| a | Ключевые слова | эстетическое развитие | ||
| 773 | 08 | t | Заглавие источника | Отечественный журнал социальной работы |
| d | Дата издания источника | 2023 | ||
| g | Прочая информация | № 2. - С. 115 - 118 | ||
| w | Контрольный № источника | UNIDUBNAf3b735b0c95c4e71adfb60afc49411e3 | ||
| 901 | t | Тип документа | b |